| 000 | 00802nam a2200253 a 4500 | ||
|---|---|---|---|
| 001 | BRL_1243 | ||
| 005 | 20190320211115.0 | ||
| 008 | 041213s1967----nyuae#####---#000-0#eng-# | ||
| 041 | _aeng | ||
| 044 | _anyu | ||
| 050 | 4 |
_aN2030 _b.D35 1967 |
|
| 245 | 1 | 0 |
_aLouvre Paris _cTexts by Gigetta Dalli Regoli...[et al.] ; Design: Fiorenzo Giorgi. |
| 260 |
_aNew York _bNewsweek : Arnoldo Mondadori _c1967 |
||
| 300 |
_a171 p. _bil., planos _c30 cm. |
||
| 440 | 0 |
_aGreat museums of the world _926255 |
|
| 500 | _aAu1430 | ||
| 504 | _aBibliografía: p. 168 | ||
| 610 | 2 | 4 |
_aMusee National de Louvre (París) _926256 |
| 650 | 1 | 4 |
_aGalerías y museos _vCatálogos _zParis (Francia) _926257 |
| 700 | 1 |
_aDalli Regoli, Gigetta _926258 |
|
| 700 | 1 |
_aGiorgio, Fiorenzo _926259 |
|
| 902 | _aGRL | ||
| 942 |
_2lcc _cB |
||
| 999 |
_c10055 _d10055 |
||